Resurrection (Record no. 17865)

MARC details
000 -LEADER
fixed length control field 00569nam a2200241 a 4500
020 ## - INTERNATIONAL STANDARD BOOK NUMBER
ISBN 0849942950
082 00 - DEWEY DECIMAL CLASSIFICATION NUMBER
Classification number 232.4
Author Cutter HAN
100 ## - MAIN ENTRY--AUTHOR NAME
Author name Hanegraff, Hank
245 ## - TITLE STATEMENT
Title Resurrection
260 ## - PUBLICATION, DISTRIBUTION, ETC. (IMPRINT)
Place of publication USA
Name of publisher Word Book
Year of publication 2000
300 ## - PHYSICAL DESCRIPTION
Number of Pages 280p
500 ## - GENERAL NOTE
General note includes index and biblioraphy
505 2# - FORMATTED CONTENTS NOTE
Formatted contents note biblio, indices
650 ## - SUBJECT ADDED ENTRY--TOPICAL TERM
Topical Term Resurrection
942 ## - ADDED ENTRY ELEMENTS (KOHA)
Koha item type Books
700 1# -
-- Hanegraff, Hank
Holdings
Collection code Home library Current library Date acquired Cost, normal purchase price Full call number Accession Number Koha item type
  Henry Martyn Institute Library Henry Martyn Institute Library 04/18/2008 630.00 232.4 HAN 11001893 Books
                   Copyright © 2026 | Henry Martyn Institute | Hyderabad | TS-500052 | INDIA | Implemented by hmi.edu.in
Hit-Count:

Powered by Koha